Statistics for The Guardian's Top 100 Footballers of 2023

Click here to take the quiz!

General Stats

  • This quiz has been taken 73 times
  • The average score is 74 of 100

Answer Stats

RankClub/sNationPlayer% Correct
#1Manchester CityNorwayErling Haaland
100%
#4Tottenham Hotspur/Bayern MunichEnglandHarry Kane
100%
#2Borussia Dortmund/Real MadridEnglandJude Bellingham
98%
#8Manchester CityBelgiumKevin De Bruyne
98%
#7LiverpoolEgyptMohamed Salah
98%
#15Atletico MadridFranceAntoine Griezmann
97%
#14ArsenalEnglandBukayo Saka
97%
#3PSGFranceKylian Mbappe
97%
#10PSG/Inter MiamiArgentinaLionel Messi
97%
#17FC BarcelonaPolandRobert Lewandowski
97%
#6Real MadridBrazilVinicius Junior
97%
#11Manchester CityPortugalBernardo Silva
95%
#24Tottenham HotspurSouth KoreaHeung-min Son
95%
#16Manchester City/FC BarcelonaGermanyIlkay Gundogan
95%
#27Al-NassrPortugalCristiano Ronaldo
93%
#36Real Madrid/Al-IttihadFranceKarim Benzema
93%
#25Real MadridCroatiaLuka Modric
93%
#18ArsenalNorwayMartin Odegaard
93%
#5Manchester CitySpainRodri
93%
#22West Ham United/ArsenalEnglandDeclan Rice
91%
#46Aston VillaArgentinaEmiliano Martinez
90%
#13Inter MilanArgentinaLautaro Martinez
90%
#68LiverpoolColombiaLuis Diaz
90%
#21Manchester CityPortugalRuben Dias
90%
#19Manchester CityArgentinaJulian Alvarez
88%
#41Manchester CityEnglandPhil Foden
88%
#9NapoliNigeriaVictor Osimhen
88%
#35LiverpoolBrazilAlisson
86%
#42Manchester UnitedPortugalBruno Fernandes
86%
#23Manchester CityBrazilEderson
86%
#37Napoli/Bayern MunichSouth KoreaKim Min-jae
86%
#45Manchester CityEnglandKyle Walker
86%
#28FC BarcelonaSpainGavi
84%
#32FC BarcelonaSpainPedri
84%
#44LiverpoolNetherlandsVirgil van Dijk
84%
#31Real MadridUruguayFederico Valverde
83%
#26Manchester CityEnglandJohn Stones
83%
#38Bayern MunichGermanyLeroy Sane
83%
#33Real MadridBrazilRodrygo
83%
#40ArsenalFranceWilliam Saliba
83%
#30AC MilanPortugalRafael Leao
79%
#39Real MadridBelgiumThibaut Courtois
79%
#70Real MadridGermanyToni Kroos
79%
#59Brighton & Hove Albion/LiverpoolArgentinaAlexis Mac Allister
78%
#49Manchester CityEnglandJack Grealish
78%
#51Bayern MunichGermanyJoshua Kimmich
78%
#78LiverpoolUruguayDarwin Nunez
74%
#80Inter Milan/AS RomaBelgiumRomelu Lukaku
74%
#57LiverpoolEnglandTrent Alexander-Arnold
74%
#62Inter Milan/Manchester UnitedCameroonAndre Onana
72%
#52RB Leipzig/LiverpoolHungaryDominik Szoboszlai
72%
#85ArsenalBrazilGabriel Jesus
72%
#53ArsenalBrazilGabriel Martinelli
72%
#77Leicester City/Tottenham HotspurEnglandJames Maddison
72%
#54RB Leipzig/Manchester CityCroatiaJosko Gvardiol
72%
#12NapoliGeorgiaKhvicha Kvaratskhelia
72%
#63Newcastle UnitedEnglandKieran Trippier
72%
#34FC BarcelonaGermanyMarc-Andre Ter Stegen
72%
#67Manchester UnitedEnglandMarcus Rashford
72%
#50AC MilanFranceOlivier Giroud
72%
#92Manchester City/Al-AhliAlgeriaRiyad Mahrez
72%
#47PSGMoroccoAchraf Hakimi
71%
#87Newcastle UnitedSwedenAlexander Isak
71%
#60Newcastle UnitedBrazilBruno Guimaraes
71%
#81Real MadridAustriaDavid Alaba
71%
#43Real MadridFranceEduardo Camavinga
69%
#93Arsenal/Bayer LeverkusenSwitzerlandGranit Xhaka
69%
#20Bayern MunichGermanyJamal Musiala
69%
#96Bayern MunichCanadaAlphonso Davies
67%
#91Real MadridGermanyAntonio Rudiger
67%
#86Real MadridFranceAurelien Tchouameni
66%
#82SL Benfica/ChelseaArgentinaEnzo Fernandez
64%
#69FC BarcelonaNetherlandsFrenkie de Jong
64%
#71Brighton & Hove AlbionJapanKaoru Mitoma
64%
#29Inter MilanItalyNicolo Barella
64%
#56FC BarcelonaUruguayRonald Araujo
64%
#48Bayer LeverkusenGermanyFlorian Wirtz
62%
#89Atletico MadridSloveniaJan Oblak
62%
#55Inter MilanTurkeyHakan Calhanoglu
60%
#98Aston VillaEnglandOllie Watkins
60%
#76Eintracht Frankfurt/PSGFranceRandal Kolo Muani
60%
#83Juventus/SL BenficaArgentinaAngel Di Maria
59%
#88Tottenham HotspurArgentinaCristian Romero
59%
#84AC MilanFranceMike Maignan
59%
#79Inter MilanItalyAlessandro Bastoni
57%
#58Sevilla/Al-HilalMoroccoYassine Bounou
57%
#94Inter Milan/Al-NassrCroatiaMarcelo Brozovic
55%
#95AC MilanFranceTheo Hernandez
55%
#66PSV Eindhoven/RB LeipzigNetherlandsXavi Simons
53%
#64Union SG/Bayer LeverkusenNigeriaVictor Boniface
52%
#97Inter MilanNetherlandsDenzel Dumfries
48%
#61Inter MilanItalyFederico Dimarco
47%
#100Borussia M'Gladbach/Inter MilanFranceMarcus Thuram
47%
#75FeyenoordMexicoSantiago Gimenez
47%
#74SL Benfica/Bayer LeverkusenSpainAlejandro Grimaldo
45%
#73Atletico MadridSpainAlvaro Morata
41%
#72VFB StuttgartGuineaSerhou Guirassy
40%
#90RC Lens/RB LeipzigBelgiumLois Openda
34%
#99PSGFranceWarren Zaire-Emery
31%
#65FluminenseArgentinaGerman Cano
7%

Score Distribution

Percentile by Number Answered

Percent of People with Each Score

Your Score History

You have not taken this quiz